The Three Stooges - Statistics

General Stats
  • This quiz has been taken 19 times
  • The average score is 5 of 6
Answer Stats
Picture Answer % Correct
Curly Howard
100%
Larry Fine
100%
Moe Howard
100%
Shemp Howard
90%
Joe Besser
80%
"Curly" Joe DeRita
60%
No matching quizzes found
Score Distribution
Percent of People with Each Score
Percentile by Number Answered
Your Score History
You have not taken this quiz